| 000 | 00315nam a2200109Ia 4500 | ||
|---|---|---|---|
| 008 | 230907s9999||||xx |||||||||||||| ||und|| | ||
| 082 |
_a621.322 _bSTI |
||
| 100 |
_aStiller, Micheal _9118045 |
||
| 245 |
_aQuality lighting for high performance buildings / _cMicheal Stiller. |
||
| 260 | _c2019-09-27 | ||
| 942 |
_2ddc _cEB |
||
| 999 |
_c599664 _d599664 |
||